Catálogo - Centro de Recursos para el Aprendizaje y la Investigación

Volver al Sitio - CRAI Biblioteca

El derecho procesal constitucional : un nuevo concepto / (Registro nro. 113975)

Detalles MARC
000 -CABECERA
campo de control de longitud fija 01361nam a2200241 4500
001 - NÚMERO DE CONTROL
campo de control 113975
003 - IDENTIFICADOR DEL NÚMERO DE CONTROL
campo de control DR-UNIBE
005 - FECHA Y HORA DE LA ÚLTIMA TRANSACCIÓN
campo de control 20250729150022.0
008 - DATOS DE LONGITUD FIJA--INFORMACIÓN GENERAL
campo de control de longitud fija 250729b2010 ck ||||| |||| 00| 0 spa d
020 ## - NÚMERO INTERNACIONAL ESTÁNDAR DEL LIBRO
Número Internacional Estándar del Libro 9789586764902
040 ## - FUENTE DE LA CATALOGACIÓN
Centro catalogador/agencia de origen BIBLIOTECA UNIBE
Lengua de catalogación spa
Centro/agencia transcriptor BIBLIOTECA UNIBE
Normas de descripción rda
041 ## - CÓDIGO DE LENGUA
Código de lengua del texto/banda sonora o título independiente spa
082 ## - NÚMERO DE LA CLASIFICACIÓN DECIMAL DEWEY
Número de edición 22
Número de clasificación 342.86 R39d
100 10 - ENTRADA PRINCIPAL--NOMBRE DE PERSONA
Nombre de persona Rey Cantor, Ernesto,
Fechas asociadas al nombre 1952-
9 (RLIN) 197967
245 13 - MENCIÓN DE TÍTULO
Título El derecho procesal constitucional : un nuevo concepto /
Mención de responsabilidad, etc. Ernesto Rey Cantor
250 ## - MENCIÓN DE EDICIÓN
Mención de edición Primera edición
260 ## - PUBLICACIÓN, DISTRIBUCIÓN, ETC.
Lugar de publicación, distribución, etc. Bogotá :
Nombre del editor, distribuidor, etc. Ediciones Doctrina y Ley,
Fecha de publicación, distribución, etc. 2010
300 ## - DESCRIPCIÓN FÍSICA
Extensión 163 páginas :
Dimensiones 16 x 11 cm
505 ## - NOTA DE CONTENIDO CON FORMATO
Nota de contenido con formato 1. Un nuevo concepto |<br/>A. Normas jurídicas contenidas en la constitución política |<br/>B. Normas jurídicas contenidas en la Ley |<br/>C. Principios y valores en la constitución política |<br/>D. Procesos constitucionales |<br/>E. Cualesquiera que sean órganos |<br/>F. Encargados de preservar la supremacía de la constitución política y la protección procesal de los derechos humanos |<br/>G. Con justicia y con efectividad |<br/>2. Las acciones constitucionales como recursos de jurisdicción interna que deberán agotarse para acceder a las jurisdicción internacional de derechos humanos |<br/>Bibliografía
650 #7 - PUNTO DE ACCESO ADICIONAL DE MATERIA--TÉRMINO DE MATERIA
Fuente del encabezamiento o término lemb
Término de materia o nombre geográfico como elemento de entrada Derecho constitucional
Subdivisión geográfica Colombia
9 (RLIN) 197969
651 ## - PUNTO DE ACCESO ADICIONAL DE MATERIA--NOMBRE GEOGRÁFICO
Nombre geográfico Colombia
Subdivisión general Constitución
9 (RLIN) 197970
942 ## - ELEMENTOS DE PUNTO DE ACCESO ADICIONAL (KOHA)
Fuente del sistema de clasificación o colocación Sistema de Clasificación Decimal Dewey
Tipo de ítem Koha Libro (general)
Existencias
Estado de retiro Estado de pérdida Fuente del sistema de clasificación o colocación No para préstamo Código de colección Localización permanente Fecha de adquisición Total de préstamos Signatura topográfica completa Código de barras Fecha visto por última vez Número de copia Precio válido a partir de Tipo de ítem Koha
  Disponible Sistema de Clasificación Decimal Dewey   General Biblioteca Central UNIBE 10/06/2025   342.86 R39d 250916 29/07/2025 Ej. 1 29/07/2025 Libro (general)